Mixed Word: 5 Letter A-Z XXIII Quiz Stats

 Plays Quiz Updated Feb 15, 2012

Challenge
Share
Tweet
Embed
Score 0/26 Timer 02:00
0 Plays Today
Mixed Word Answer % Correct
KBLNIBlink
98.6%
NAKELAnkle
96.2%
BACLECable
96.2%
YAAKKKayak
95.2%
LTOTOLotto
93.6%
AIRNDDrain
92.4%
GINEEGenie
92.1%
LEJYLJelly
91.4%
RYHRUHurry
89.5%
TUNIQQuint
89.5%
SYOINNoisy
88.2%
DIAINIndia
87.8%
AAFUNFauna
85.7%
Mixed Word Answer % Correct
TMHNOMonth
84.8%
AEISRRaise
83.7%
LEELNEllen
83.3%
UIPRSPrius
81.3%
EREWSSewer
77.5%
AATRITiara
74.7%
OONINOnion
69.6%
UUVALUvula
67.5%
ORXXEXerox
65.3%
KISHWWhisk
62.9%
OVPARVapor
62.4%
ZIPYPZippy
61.5%
CUYCAYucca
53.1%

You're not logged in!

Compare scores with friends on all Sporcle quizzes.
OR
Log In

You Might Also Like...

Show Comments

Extras

Top Quizzes Today


Score Distribution

Your Account Isn't Verified!

In order to create a playlist on Sporcle, you need to verify the email address you used during registration. Go to your Sporcle Settings to finish the process.

Report this User

Report this user for behavior that violates our Community Guidelines.

Details: